Indian Aircraft industry : (Record no. 147227)

MARC details
000 -LEADER
fixed length control field 00717nam a22002057a 4500
005 - DATE AND TIME OF LATEST TRANSACTION
control field 20171107130040.0
010 ## - LCCN (DPL NO)
LC control number ENG-121272
020 ## - INTERNATIONAL STANDARD BOOK NUMBER
International Standard Book Number 9789386288684
Terms of availability 1080.00
035 ## - SYSTEM CONTROL NUMBER
System control number EN-104804
037 ## - SOURCE OF ACQUISITION
Source of stock number/acquisition DBAD/PUB
082 ## - DEWEY DECIMAL CLASSIFICATION NUMBER
Classification number 338.47629133340954
100 ## - MAIN ENTRY--PERSONAL NAME
Personal name Kapur, Vivek
245 00 - TITLE STATEMENT
Title Indian Aircraft industry :
Statement of responsibility, etc by Vivek Kapur ; introduction by Vinod Patney
Remainder of title possible innovations for success in the twenty-first century /
260 ## - PUBLICATION, DISTRIBUTION, ETC. (IMPRINT)
Place of publication, distribution, etc New Delhi
Name of publisher, distributor, etc KW Publishers
Date of publication, distribution, etc 2018
270 ## - ADDRESS
Address 4676/21, First Floor, Ansari Road, Daryaganj,
City New Delhi
Postal code 110002
300 ## - PHYSICAL DESCRIPTION
Extent xxx,286p.
Dimensions 24cm(Hb)
500 ## - GENERAL NOTE
General note Includes index
700 ## - ADDED ENTRY--PERSONAL NAME
Personal name Patney,Vinod
942 ## - ADDED ENTRY ELEMENTS (KOHA)
Source of classification or shelving scheme Dewey Decimal Classification
Item type English Books
Call number suffix KAP
Classification part 338.47629133340954
Holdings
Withdrawn status Lost status Not for loan Collection code Home library Current library Date acquired Source of acquisition Cost, normal purchase price Full call number Barcode Copy number Cost, replacement price Koha item type
    Not For Loan Non-fiction D.B.Act.Division Bawana 07/11/2017 DBAD/PUB 1080.00 338.47629133340954 KAP EN-104804 1 1080.00 English Books

© Delhi Public Library
Hit Counter
free hit counter